[Event "Foxwoods Open"]
[Site "Mashantucket, CT"]
[Date "2014.01.22"]
[Round "1.3"]
[White "Rizzitano, James"]
[Black "Corrales Jimenez, Fidel"]
[Result "0-1"]
[WhiteElo "2318"]
[BlackElo "2568"]
[PlyCount "62"]
[EventDate "2014.01.??"]
[EventType "swiss"]
[EventRounds "9"]
[EventCountry "USA"]
[Source "MonRoi"]

1. e4 c5 2. Nc3 g6 3. f4 Bg7 4. Nf3 Nc6 5. Bb5 Nd4 6. O-O Nxb5 7. Nxb5 Nf6 8.
e5 Nd5 9. d4 Nc7 10. Nxc7+ Qxc7 11. d5 d6 12. e6 fxe6 13. Ng5 Bd4+ 14. Kh1 exd5
15. c3 Bf6 16. Qxd5 Bxg5 17. Qxg5 Bf5 18. Re1 h6 19. Qh4 Rh7 20. Be3 a5 21. Bg1
b5 22. h3 b4 23. cxb4 axb4 24. a3 bxa3 25. Qg3 a2 26. Rxa2 Rxa2 27. Qb3 Qa5 28.
Qg8+ Kd7 29. Re3 g5 30. fxg5 hxg5 31. Rb3 Qa8 0-1

[Event "Foxwoods Open"]
[Site "Mashantucket, CT"]
[Date "2014.01.22"]
[Round "1.4"]
[White "Stripunsky, Alexander"]
[Black "Englert, Fabian"]
[Result "1-0"]
[WhiteElo "2549"]
[BlackElo "2316"]
[PlyCount "165"]
[EventDate "2014.01.??"]
[EventType "swiss"]
[EventRounds "9"]
[EventCountry "USA"]
[Source "MonRoi"]

1. e4 c5 2. c3 Nf6 3. e5 Nd5 4. Nf3 g6 5. d4 cxd4 6. Qxd4 Nc7 7. Qh4 h6 8. Na3
Bg7 9. Qg3 Nc6 10. Bd3 d6 11. exd6 Qxd6 12. Qxd6 exd6 13. Nb5 Nxb5 14. Bxb5 Be6
15. Be3 O-O-O 16. O-O g5 17. Rfe1 Kc7 18. Ba4 a6 19. h3 Rhe8 20. Bb3 Bxb3 21.
axb3 f5 22. Kf1 f4 23. Bd2 Kd7 24. Red1 Bf6 25. Be1 Re6 26. Nd2 Kc7 27. f3 d5
28. Bf2 Rde8 29. Re1 Rxe1+ 30. Rxe1 Rxe1+ 31. Kxe1 b5 32. b4 a5 33. bxa5 Nxa5
34. Kd1 Nc4 35. Kc2 Kc6 36. Nb3 Bg7 37. Nc1 b4 38. cxb4 Nxb2 39. Ne2 Nc4 40.
Bd4 Bf8 41. Kb3 Nd6 42. Ka4 Nf5 43. b5+ Kb7 44. Bf2 Ne3 45. g3 Bd6 46. gxf4
gxf4 47. Nd4 Be5 48. Ne6 Kb6 49. Nf8 Bd6 50. Nd7+ Kc7 51. Nf6 d4 52. Ne4 Be7
53. Be1 Kb7 54. Ba5 Nc4 55. Nd2 Nxa5 56. Kxa5 d3 57. Ka4 Kb6 58. Ne4 Bc5 59.
Kb3 Kxb5 60. Kc3 Be3 61. Kxd3 Kc6 62. Nf6 Bc1 63. Ke4 Kd6 64. Kf5 Kc5 65. Ng4
h5 66. Nf6 h4 67. Kg4 Kd4 68. Kxh4 Ke5 69. Kg5 Kd4 70. h4 Ke3 71. Kg4 Kd4 72.
h5 Ke5 73. Kg5 Ba3 74. Ng4+ Ke6 75. Kg6 Bc5 76. h6 Bb4 77. Nf2 Bc3 78. h7 Bb2
79. Nd3 Bh8 80. Nxf4+ Ke5 81. Nh3 Ke6 82. f4 Ke7 83. Ng5 1-0

[Event "Foxwoods Open"]
[Site "Mashantucket, CT"]
[Date "2014.01.22"]
[Round "1.6"]
[White "Perelshteyn, Eugene"]
[Black "Goldenberg, Ryan"]
[Result "1-0"]
[WhiteElo "2499"]
[BlackElo "2303"]
[PlyCount "101"]
[EventDate "2014.01.??"]
[EventType "swiss"]
[EventRounds "9"]
[EventCountry "USA"]
[Source "MonRoi"]

1. d4 Nf6 2. Nf3 e6 3. Bf4 c5 4. e3 Nc6 5. c3 d5 6. Nbd2 Bd6 7. Bd3 Bxf4 8.
exf4 cxd4 9. cxd4 Bd7 10. O-O Qb6 11. Nb3 Nb4 12. Bb1 Ba4 13. Re1 O-O 14. Re3
Nc6 15. Qe1 Bxb3 16. Rxb3 Qc7 17. g3 Rfc8 18. Bd3 a6 19. Kg2 b5 20. Rc1 Qb6 21.
Rbc3 Ne7 22. R1c2 b4 23. Rc5 Nd7 24. Rxc8+ Rxc8 25. Rxc8+ Nxc8 26. f5 h6 27.
fxe6 fxe6 28. Qc1 Ne7 29. g4 Nc6 30. Qf4 Qb8 31. Qe3 e5 32. dxe5 Ndxe5 33. Bxa6
Qd6 34. Bb7 Nxf3 35. Qxf3 Ne7 36. h4 g6 37. a4 Qd7 38. Ba6 Qxa4 39. Qf6 Qd7 40.
Be2 Kh7 41. Qf7+ Kh8 42. f3 Qd6 43. f4 d4 44. Bd3 Qd5+ 45. Qxd5 Nxd5 46. Kf3
Kg7 47. g5 Ne3 48. b3 h5 49. Be4 Nf1 50. Ke2 Ng3+ 51. Kd3 1-0

[Event "Foxwoods Open"]
[Site "Mashantucket, CT"]
[Date "2014.01.22"]
[Round "1.9"]
[White "Katz, Alexander R"]
[Black "Hungaski, Robert"]
[Result "0-1"]
[WhiteElo "2256"]
[BlackElo "2462"]
[PlyCount "93"]
[EventDate "2014.01.??"]
[EventType "swiss"]
[EventRounds "9"]
[EventCountry "USA"]
[Source "MonRoi"]

1. e4 e5 2. Nf3 Nc6 3. Bc4 Nf6 4. d4 exd4 5. e5 Ng4 6. Qe2 Qe7 7. Bf4 f6 8.
exf6 gxf6 9. Nbd2 d6 10. h3 Nge5 11. O-O-O Ng6 12. Bh2 Qxe2 13. Bxe2 Bd7 14.
Kb1 O-O-O 15. Nb3 Re8 16. Rhe1 Bh6 17. Nbxd4 Nce5 18. Bf1 a6 19. Ng1 f5 20.
Ngf3 Rhf8 21. Nxe5 dxe5 22. Nb3 e4 23. Nc5 Bc6 24. Bc4 Rf6 25. Rd4 e3 26. Red1
exf2 27. Ne6 f1=Q 28. Rxf1 Rfxe6 29. Bxe6+ Rxe6 30. Rdd1 Nh4 31. Bf4 Bxg2 32.
Bxh6 Rxh6 33. Rf4 Be4 34. Rf2 Nf3 35. Rg2 b5 36. Rg8+ Kb7 37. Rg3 Rc6 38. Rc1
Nd4 39. Rc3 Rxc3 40. bxc3 Nxc2 41. Rg1 Nd4+ 42. Kb2 Ne2 43. Re1 Nf4 44. Kb3
Nxh3 45. c4 Nf2 46. cxb5 axb5 47. Rf1 0-1

[Event "Foxwoods Open"]
[Site "Mashantucket, CT"]
[Date "2014.01.22"]
[Round "1.11"]
[White "Tang, Andrew"]
[Black "Norowitz, Yaacov"]
[Result "1-0"]
[WhiteElo "2222"]
[BlackElo "2442"]
[PlyCount "61"]
[EventDate "2014.01.??"]
[EventType "swiss"]
[EventRounds "9"]
[EventCountry "USA"]
[Source "MonRoi"]

1. d4 Nf6 2. c4 e6 3. Nc3 Bb4 4. Qc2 d5 5. cxd5 exd5 6. Bg5 c6 7. e3 Nbd7 8.
Bd3 Nf8 9. Nge2 Ng6 10. O-O Bd6 11. f3 h6 12. Bxf6 Qxf6 13. e4 Nh4 14. e5 Qg5
15. Rf2 Be7 16. f4 Qh5 17. Nd1 f5 18. Ne3 O-O 19. Raf1 Bd8 20. g3 Ng6 21. g4
Qh4 22. gxf5 Ne7 23. Rg2 Kh8 24. Kh1 Qh3 25. Rg3 Qh5 26. f6 gxf6 27. f5 Qf7 28.
Rh3 Ng8 29. e6 Qc7 30. Nf4 Kh7 31. Qg2 1-0

[Event "Foxwoods Open"]
[Site "Mashantucket, CT"]
[Date "2014.01.22"]
[Round "1.12"]
[White "Shmelov, Denys"]
[Black "Yanayt, Eugene"]
[Result "1-0"]
[WhiteElo "2417"]
[BlackElo "2222"]
[PlyCount "81"]
[EventDate "2014.01.??"]
[EventType "swiss"]
[EventRounds "9"]
[EventCountry "USA"]
[Source "MonRoi"]

1. d4 Nf6 2. c4 g6 3. Nc3 Bg7 4. e4 d6 5. Nf3 O-O 6. Be2 e5 7. O-O Nc6 8. d5
Ne7 9. Ne1 Nd7 10. Be3 f5 11. f3 f4 12. Bf2 g5 13. Rc1 Ng6 14. c5 Nxc5 15. b4
Na6 16. Nd3 b6 17. Nb5 Rf7 18. Rc3 Qd7 19. a4 Bf6 20. Qb3 h5 21. h3 Rg7 22.
Rfc1 Bd8 23. Rc6 Nb8 24. Nxc7 Bxc7 25. Rxc7 Qxc7 26. Rxc7 Rxc7 27. Nb2 Nh8 28.
a5 bxa5 29. b5 Nf7 30. Nc4 Nd7 31. Qa3 Rb8 32. Nxa5 g4 33. fxg4 hxg4 34. hxg4
Nf6 35. Nc6 Rbb7 36. Bxa7 Nxe4 37. b6 Nfg5 38. bxc7 Rb1+ 39. Kh2 Ng3 40. Bg1
N5e4 41. Qa8 1-0

[Event "Foxwoods Open"]
[Site "Mashantucket, CT"]
[Date "2014.01.22"]
[Round "1.14"]
[White "Coleman, Teddy"]
[Black "Lastra, Ricardo"]
[Result "1-0"]
[WhiteElo "2393"]
[BlackElo "2176"]
[PlyCount "51"]
[EventDate "2014.01.??"]
[EventType "swiss"]
[EventRounds "9"]
[EventCountry "USA"]
[Source "MonRoi"]

1. d4 Nf6 2. c4 g6 3. Nc3 Bg7 4. e4 d6 5. Nge2 O-O 6. f3 c5 7. d5 e6 8. Ng3
exd5 9. cxd5 Na6 10. Be2 Rb8 11. Be3 b5 12. O-O b4 13. Nb5 Qd7 14. Qd3 Nc7 15.
Nxc7 Qxc7 16. e5 dxe5 17. Rac1 Rd8 18. Rxc5 Qd7 19. Rd1 Qa4 20. Qc4 Ne8 21. Ne4
Bf8 22. Bg5 Qd7 23. Bxd8 Bxc5+ 24. Qxc5 Qxd8 25. d6 Qd7 26. Qxe5 1-0

[Event "Foxwoods Open"]
[Site "Mashantucket, CT"]
[Date "2014.01.23"]
[Round "2.2"]
[White "Sevian, Samuel"]
[Black "Macieja, Bartlomiej"]
[Result "1-0"]
[WhiteElo "2401"]
[BlackElo "2583"]
[PlyCount "147"]
[EventDate "2014.01.??"]
[EventType "swiss"]
[EventRounds "9"]
[EventCountry "USA"]
[Source "MonRoi"]

1. e4 c6 2. Nc3 d5 3. Nf3 Bg4 4. h3 Bxf3 5. Qxf3 e6 6. d3 Nd7 7. Bd2 g6 8. g4
Bg7 9. Bg2 Ne7 10. O-O h5 11. g5 O-O 12. Rab1 a5 13. Qd1 Nb6 14. b3 a4 15. b4
dxe4 16. Nxe4 Nf5 17. b5 Qc7 18. bxc6 bxc6 19. c3 Nd5 20. Qc1 Rfb8 21. Rxb8+
Qxb8 22. a3 Qb3 23. Nc5 Qa2 24. Re1 Bf8 25. d4 Bxc5 26. dxc5 Qc4 27. Re4 Qxc5
28. c4 Nde7 29. Bb4 Qb6 30. Re5 Qd4 31. Re4 Qd3 32. Qc3 Qxc3 33. Bxc3 Rd8 34.
Re5 Rd1+ 35. Re1 Rxe1+ 36. Bxe1 c5 37. Ba5 Nd4 38. Bb6 Nb3 39. Bb7 Nf5 40. Bc6
Nd6 41. Bxa4 Nxc4 42. Bxb3 Nxb6 43. a4 c4 44. Bd1 Nd5 45. Kf1 c3 46. Ke1 Nb4
47. Be2 Nc6 48. Bf3 Nd4 49. Be4 f5 50. gxf6 Kf7 51. Kd1 Kxf6 52. a5 g5 53. a6
Nb5 54. Kc2 Ke5 55. Bd3 Na7 56. Kxc3 Kd5 57. Bc4+ Kc5 58. Bxe6 Kb6 59. Bc4 Nc6
60. Kd3 Ne5+ 61. Kd4 Nf3+ 62. Ke3 g4 63. hxg4 hxg4 64. Kf4 Nd2 65. Be2 Nb3 66.
Kxg4 Nd4 67. Bd3 Nc6 68. f4 Kc7 69. Kg5 Kd6 70. Kf6 Na7 71. f5 Nc8 72. Kg7 Kc7
73. f6 Nd6 74. f7 1-0

[Event "Foxwoods Open"]
[Site "Mashantucket, CT"]
[Date "2014.01.23"]
[Round "2.3"]
[White "Corrales Jimenez, Fidel"]
[Black "Coleman, Teddy"]
[Result "1-0"]
[WhiteElo "2568"]
[BlackElo "2393"]
[PlyCount "81"]
[EventDate "2014.01.??"]
[EventType "swiss"]
[EventRounds "9"]
[EventCountry "USA"]
[Source "MonRoi"]

1. e4 c6 2. d4 d5 3. Nc3 dxe4 4. Nxe4 Nd7 5. Bc4 Ndf6 6. Ng5 e6 7. Be3 h6 8.
N5f3 Ne4 9. Ne5 Bb4+ 10. c3 Nxc3 11. bxc3 Bxc3+ 12. Ke2 Bxa1 13. Qxa1 Ne7 14.
Ngf3 b6 15. Bc1 O-O 16. Ba3 Re8 17. Rc1 f6 18. Nd3 Nd5 19. Kf1 a5 20. Kg1 Qd7
21. Bb3 Ba6 22. Nb2 Be2 23. Nd2 a4 24. Bc2 e5 25. Nbc4 Qg4 26. h3 Qxd4 27. Nd6
Red8 28. Bb2 Qh4 29. N2e4 Qh5 30. Ng3 Rxd6 31. Nxh5 Bxh5 32. Ba3 Rdd8 33. Be4
Rac8 34. Qb2 b5 35. g3 Bf7 36. Bf5 Rc7 37. Bc5 Kh8 38. a3 g6 39. Be4 Kg7 40.
Qd2 Rdd7 41. Qa5 1-0

[Event "Foxwoods Open"]
[Site "Mashantucket, CT"]
[Date "2014.01.23"]
[Round "2.5"]
[White "Hasan, Mehdi"]
[Black "Perelshteyn, Eugene"]
[Result "0-1"]
[WhiteElo "2285"]
[BlackElo "2499"]
[PlyCount "67"]
[EventDate "2014.01.??"]
[EventType "swiss"]
[EventRounds "9"]
[EventCountry "USA"]
[Source "MonRoi"]

1. d4 Nf6 2. Bg5 c5 3. Bxf6 exf6 4. d5 f5 5. c4 d6 6. Nc3 g6 7. g3 Bg7 8. Qc2
O-O 9. Nf3 a6 10. Bg2 b5 11. O-O b4 12. Nd1 Re8 13. a3 Qb6 14. axb4 cxb4 15.
Re1 Nd7 16. Qa4 a5 17. Nd2 Qd8 18. Nb3 Nb6 19. Qc6 Bd7 20. Qxd6 Nxc4 21. Qc5
Rc8 22. Qa7 Bb5 23. Nd4 Re7 24. Nxb5 Rxa7 25. Nxa7 Ra8 26. Nc6 Qd6 27. e4 fxe4
28. Rxe4 Nxb2 29. Nxb2 Bxb2 30. Rxa5 Rxa5 31. Nxa5 Qc5 32. Nc4 Bd4 33. Nd2
Bxf2+ 34. Kf1 0-1

[Event "Foxwoods Open"]
[Site "Mashantucket, CT"]
[Date "2014.01.23"]
[Round "2.7"]
[White "Hungaski, Robert"]
[Black "Bonin, Jay"]
[Result "1-0"]
[WhiteElo "2462"]
[BlackElo "2303"]
[PlyCount "153"]
[EventDate "2014.01.??"]
[EventType "swiss"]
[EventRounds "9"]
[EventCountry "USA"]
[Source "MonRoi"]

1. e4 e6 2. d4 d5 3. e5 c5 4. c3 Qb6 5. Nf3 Bd7 6. Qb3 Qxb3 7. axb3 Nc6 8. dxc5
Bxc5 9. Bf4 f6 10. b4 Bb6 11. b5 Nxe5 12. Nxe5 fxe5 13. Bxe5 Nf6 14. f3 O-O 15.
Nd2 Ne8 16. b3 Bc7 17. Bxc7 Nxc7 18. c4 e5 19. cxd5 Nxb5 20. Bxb5 Bxb5 21. Ne4
Rfd8 22. O-O-O Be8 23. Kb2 Rac8 24. Rd2 Bf7 25. Nc3 b5 26. Nxb5 Rxd5 27. Rxd5
Bxd5 28. Rd1 Be6 29. Nxa7 Rb8 30. Rd3 Rb6 31. Nc8 Bxc8 32. Rd8+ Kf7 33. Rxc8 g5
34. Rc4 h5 35. b4 Ke6 36. Kb3 g4 37. fxg4 hxg4 38. Rxg4 Kf5 39. Rg8 Ke4 40. Kc4
Rc6+ 41. Kb5 Rc1 42. Ka6 Kd3 43. Rd8+ Ke3 44. b5 Ra1+ 45. Kb7 e4 46. b6 Kf2 47.
g4 e3 48. Rf8+ Kg2 49. Re8 Kf2 50. g5 e2 51. h4 e1=Q 52. Rxe1 Rxe1 53. g6 Rh1
54. Ka7 Rxh4 55. b7 Ra4+ 56. Kb6 Rb4+ 57. Kc6 Rg4 58. b8=Q Rxg6+ 59. Kd5 Rg3
60. Qb2+ Kf3 61. Qf6+ Kg4 62. Ke4 Kh3 63. Qf1+ Kh2 64. Qe1 Kh3 65. Qf1+ Kh2 66.
Kf4 Rg4+ 67. Kf5 Rg1 68. Qf2+ Rg2 69. Qh4+ Kg1 70. Ke4 Rh2 71. Qe1+ Kg2 72. Kf4
Rh3 73. Qd2+ Kg1 74. Qe2 Rh2 75. Qd1+ Kg2 76. Qd5+ Kg1 77. Kg3 1-0

[Event "Foxwoods Open"]
[Site "Mashantucket, CT"]
[Date "2014.01.23"]
[Round "2.9"]
[White "Mikhalevski, Victor"]
[Black "Sarkar, Justin"]
[Result "0-1"]
[WhiteElo "2551"]
[BlackElo "2425"]
[PlyCount "104"]
[EventDate "2014.01.??"]
[EventType "swiss"]
[EventRounds "9"]
[EventCountry "USA"]
[Source "MonRoi"]

1. Nf3 d5 2. c4 d4 3. e3 Nc6 4. Nxd4 Nxd4 5. exd4 Qxd4 6. d3 e5 7. Nc3 c6 8.
Be3 Qd8 9. Qe2 Ne7 10. O-O-O Nf5 11. d4 exd4 12. Bxd4+ Be6 13. Be5 Qa5 14. g4
Nh4 15. Bg3 Be7 16. f4 O-O 17. f5 Nxf5 18. gxf5 Bg5+ 19. Kb1 Bxf5+ 20. Ka1 Rfe8
21. Qf2 Re3 22. Bf4 Bxf4 23. Qxf4 Rxc3 24. Qd2 Bg4 25. Bg2 Bxd1 26. Rxd1 Ra3
27. bxa3 Qxa3 28. Qd8+ Rxd8 29. Rxd8+ Qf8 30. Rxf8+ Kxf8 31. Kb2 Ke7 32. c5 Ke6
33. Kc3 Ke5 34. a4 a5 35. h4 f5 36. h5 g5 37. h6 g4 38. Bf1 Kd5 39. Kd2 Kd4 40.
Be2 g3 41. Bf1 Kxc5 42. Ke3 b5 43. Bd3 bxa4 44. Bxf5 a3 45. Bb1 g2 46. Kf2
g1=B+ 47. Kxg1 Kd4 48. Kf2 Kc3 49. Ke2 Kb2 50. Bxh7 a2 51. Be4 a1=Q 52. h7 Ka3
0-1

[Event "Foxwoods Open"]
[Site "Mashantucket, CT"]
[Date "2014.01.23"]
[Round "2.14"]
[White "Norowitz, Yaacov"]
[Black "Katz, Alexander R"]
[Result "1-0"]
[WhiteElo "2442"]
[BlackElo "2256"]
[PlyCount "85"]
[EventDate "2014.01.??"]
[EventType "swiss"]
[EventRounds "9"]
[EventCountry "USA"]
[Source "MonRoi"]

1. d4 Nf6 2. Nf3 g6 3. c4 Bg7 4. Nc3 d6 5. Bf4 O-O 6. e3 Nbd7 7. h3 b6 8. Be2
Bb7 9. O-O Ne4 10. Nxe4 Bxe4 11. Nd2 Bb7 12. Bg5 Re8 13. Bf3 Qc8 14. Qc2 e5 15.
d5 f5 16. Be2 c6 17. dxc6 Bxc6 18. Rad1 Nc5 19. b4 Ne6 20. Bh4 Qb7 21. Nf3 Bxf3
22. Bxf3 e4 23. Be2 g5 24. Bg3 f4 25. Bh2 Be5 26. Bg4 Ng7 27. c5 dxc5 28. bxc5
bxc5 29. Qxc5 Qf7 30. Rd5 Bf6 31. exf4 gxf4 32. Bxf4 Be7 33. Bd6 Rad8 34. a4 h5
35. Be2 Ne6 36. Qc6 Bxd6 37. Rxd6 Rxd6 38. Qxd6 Nf4 39. Bb5 Rf8 40. Qh6 Rd8 41.
Qg5+ Kh7 42. Qxd8 Qg6 43. Qc7+ 1-0

[Event "Foxwoods Open"]
[Site "Mashantucket, CT"]
[Date "2014.01.23"]
[Round "2.16"]
[White "Lastra, Ricardo"]
[Black "Rizzitano, James"]
[Result "1/2-1/2"]
[WhiteElo "2176"]
[BlackElo "2318"]
[PlyCount "91"]
[EventDate "2014.01.??"]
[EventType "swiss"]
[EventRounds "9"]
[EventCountry "USA"]
[Source "MonRoi"]

1. e4 g6 2. c3 Bg7 3. d4 d6 4. Nf3 Nf6 5. e5 dxe5 6. Nxe5 O-O 7. Be2 c5 8. O-O
cxd4 9. cxd4 Nbd7 10. Nc3 Nb6 11. Bf3 Nfd5 12. Nxd5 Nxd5 13. Qb3 Nb6 14. Rd1
Be6 15. d5 Bd7 16. Nc6 Qe8 17. Nxa7 Na4 18. Qxb7 Rb8 19. Qc7 Nxb2 20. Bxb2 Bxb2
21. Rab1 Bf5 22. Nc6 Bxb1 23. Nxb8 Bf5 24. Nc6 Ba3 25. Re1 Bd7 26. Qe5 Bxc6 27.
dxc6 Bd6 28. Qb5 Qc8 29. g3 Qh3 30. Bg2 Qg4 31. Qe2 Qb4 32. Rc1 Rc8 33. Qc4 Qb2
34. Qc2 Qa3 35. Qc3 Qxa2 36. Bh3 e6 37. Bg2 Qa7 38. Rb1 Qe7 39. Qc2 Kg7 40. Qd2
Rd8 41. Qc2 Rc8 42. Qd3 Rd8 43. Rb7 Bc7 44. Qc3+ Kg8 45. Qc2 Ra8 46. Rb1
1/2-1/2

[Event "Foxwoods Open"]
[Site "Mashantucket, CT"]
[Date "2014.01.23"]
[Round "2.17"]
[White "Englert, Fabian"]
[Black "Daly, Troy"]
[Result "1-0"]
[WhiteElo "2316"]
[BlackElo "2139"]
[PlyCount "51"]
[EventDate "2014.01.??"]
[EventType "swiss"]
[EventRounds "9"]
[EventCountry "USA"]
[Source "MonRoi"]

1. e4 c5 2. Nf3 Nc6 3. Nc3 g6 4. d4 cxd4 5. Nxd4 Bg7 6. Nb3 Nf6 7. Be2 O-O 8.
O-O d6 9. Bg5 Be6 10. Kh1 a5 11. a4 Nd7 12. f4 Nc5 13. Nxc5 dxc5 14. f5 Bc8 15.
Nd5 gxf5 16. exf5 f6 17. Be3 b6 18. Bc4 Kh8 19. Qh5 Ne5 20. Ba2 Bd7 21. Rad1
Rb8 22. Qh3 Nf7 23. Nf4 Qe8 24. Ng6+ Kg8 25. Nxf8 Bxf8 26. Bxf7+ 1-0

[Event "Foxwoods Open"]
[Site "Mashantucket, CT"]
[Date "2014.01.23"]
[Round "3.2"]
[White "Sevian, Samuel"]
[Black "Corrales Jimenez, Fidel"]
[Result "1/2-1/2"]
[WhiteElo "2401"]
[BlackElo "2568"]
[PlyCount "50"]
[EventDate "2014.01.??"]
[EventType "swiss"]
[EventRounds "9"]
[EventCountry "USA"]
[Source "MonRoi"]

1. e4 c5 2. Nf3 d6 3. d4 cxd4 4. Nxd4 Nf6 5. Nc3 a6 6. Be3 e5 7. Nb3 Be6 8. h3
Nbd7 9. f4 Rc8 10. f5 Bxb3 11. axb3 d5 12. Nxd5 Nxe4 13. Qg4 Ndc5 14. O-O-O
Nxb3+ 15. Kb1 Nbd2+ 16. Rxd2 Nxd2+ 17. Bxd2 Qxd5 18. f6 Qc6 19. fxg7 Bxg7 20.
Qxg7 Qxc2+ 21. Ka2 Qa4+ 22. Kb1 Qe4+ 23. Ka1 Qa4+ 24. Kb1 Qc2+ 25. Ka2 Qa4+
1/2-1/2

[Event "Foxwoods Open"]
[Site "Mashantucket, CT"]
[Date "2014.01.23"]
[Round "3.3"]
[White "Perelshteyn, Eugene"]
[Black "Tang, Andrew"]
[Result "1-0"]
[WhiteElo "2499"]
[BlackElo "2222"]
[PlyCount "95"]
[EventDate "2014.01.??"]
[EventType "swiss"]
[EventRounds "9"]
[EventCountry "USA"]
[Source "MonRoi"]

1. d4 d5 2. c4 e6 3. Nc3 Be7 4. cxd5 exd5 5. Bf4 c6 6. e3 Bf5 7. g4 Be6 8. h3
h5 9. gxh5 Nd7 10. Be2 Ndf6 11. a3 Bd6 12. Bxd6 Qxd6 13. Rc1 Ne7 14. h4 Bf5 15.
Nh3 Bxh3 16. Rxh3 Kf8 17. Rg3 Qe6 18. Kd2 Nf5 19. Rg5 Nh7 20. Bg4 g6 21. Bxf5
gxf5 22. Qf3 Nxg5 23. hxg5 Ke7 24. Ne2 Rag8 25. Nf4 Qd7 26. Rg1 Kd8 27. Nd3 Qe7
28. Qf4 Qc7 29. Qxf5 Rxh5 30. Ne5 Ke8 31. Ng4 Kf8 32. Nf6 Rgh8 33. Nxh5 Rxh5
34. Qf3 Rh8 35. g6 Rg8 36. Qh5 Qa5+ 37. Kc2 fxg6 38. Qh6+ Kf7 39. Qf4+ Ke7 40.
Rh1 Rg7 41. Rh8 Qa4+ 42. b3 Qa6 43. Qe5+ Kf7 44. Qe8+ Kf6 45. Rf8+ Kg5 46. Qe5+
Kh6 47. Qh2+ Kg5 48. Qf4+ 1-0

[Event "Foxwoods Open"]
[Site "Mashantucket, CT"]
[Date "2014.01.23"]
[Round "3.4"]
[White "Stripunsky, Alexander"]
[Black "Esserman, Marc"]
[Result "1-0"]
[WhiteElo "2549"]
[BlackElo "2447"]
[PlyCount "189"]
[EventDate "2014.01.??"]
[EventType "swiss"]
[EventRounds "9"]
[EventCountry "USA"]
[Source "MonRoi"]
[WhiteClock "0:06:36"]
[BlackClock "0:00:12"]

1. d4 Nf6 2. Nf3 g6 3. Bf4 Bg7 4. e3 d6 5. h3 O-O 6. Be2 Nc6 7. O-O e5 8. dxe5
Ne4 9. Nbd2 dxe5 10. Bh2 Nxd2 11. Nxd2 f5 12. c3 Qe7 13. a4 Kh8 14. a5 a6 15.
Qb3 Be6 16. Bc4 Bxc4 17. Qxc4 e4 18. Nb3 Ne5 19. Qc5 Rfe8 20. Bxe5 Qxe5 21.
Rfd1 Bf8 22. Qc4 Bd6 23. g3 Qg7 24. Rd5 Re5 25. Rad1 Qf7 26. Qd4 Rae8 27. c4
Kg8 28. c5 Rxd5 29. Qxd5 Qxd5 30. Rxd5 Bf8 31. Rd7 Re7 32. Rd8 c6 33. Nd2 Kf7
34. Nc4 Re8 35. Rd7+ Re7 36. Rd4 Bg7 37. Nd6+ Ke6 38. Rb4 Kd5 39. Nxb7 Be5 40.
Rb6 Rd7 41. b3 g5 42. Kf1 f4 43. gxf4 gxf4 44. exf4 Bxf4 45. Nd6 Bxd6 46. cxd6
Rxd6 47. Rxa6 Rh6 48. Ra8 Rxh3 49. a6 Rh1+ 50. Kg2 Ra1 51. b4 Kd6 52. Kg3 Kc7
53. Kf4 Ra2 54. Ke3 h5 55. Re8 Rxa6 56. Rxe4 Ra4 57. Kf4 Kd6 58. Kg5 Kd5 59.
Rf4 Ra8 60. Kxh5 Ke5 61. Kg4 Ra4 62. f3 Ra1 63. Re4+ Kf6 64. Rc4 Ra6 65. Kf4
Ke6 66. Ke4 Kd6 67. Kf5 Ra8 68. Rd4+ Ke7 69. Re4+ Kd6 70. Re6+ Kd5 71. f4 Rf8+
72. Rf6 Rb8 73. Rf7 Rxb4 74. Rd7+ Kc4 75. Ke5 c5 76. Rd1 Rb2 77. Rf1 Rb8 78.
Rc1+ Kd3 79. Rxc5 Re8+ 80. Kf5 Rf8+ 81. Kg4 Rg8+ 82. Rg5 Rf8 83. Rg6 Ke4 84.
Re6+ Kd5 85. f5 Rg8+ 86. Kf4 Rg1 87. Ra6 Rf1+ 88. Kg5 Ke5 89. Re6+ Kd5 90. Kf6
Rf2 91. Ra6 Rf1 92. Kg6 Ke5 93. f6 Rg1+ 94. Kf7 Rf1 95. Ke7 1-0

[Event "Foxwoods Open"]
[Site "Mashantucket, CT"]
[Date "2014.01.23"]
[Round "3.8"]
[White "Macieja, Bartlomiej"]
[Black "Englert, Fabian"]
[Result "1-0"]
[WhiteElo "2583"]
[BlackElo "2316"]
[PlyCount "101"]
[EventDate "2014.01.??"]
[EventType "swiss"]
[EventRounds "9"]
[EventCountry "USA"]
[Source "MonRoi"]

1. e4 c5 2. Nf3 e6 3. b3 b6 4. Bb2 Bb7 5. Qe2 d6 6. d4 cxd4 7. Nxd4 Nf6 8. Nd2
Be7 9. O-O-O O-O 10. g4 Nc6 11. Nxc6 Bxc6 12. f4 Qc7 13. g5 Nd7 14. Qe3 Bb7 15.
Kb1 Rfe8 16. Bb5 Rac8 17. c4 Bf8 18. Rhe1 Red8 19. Bxd7 Rxd7 20. Nf3 b5 21.
cxb5 Qa5 22. Nd4 d5 23. e5 g6 24. Rc1 Bc5 25. Red1 Rdc7 26. Bc3 Qb6 27. Qd2
Bxd4 28. Bxd4 Qxb5 29. Rxc7 Rxc7 30. Bxa7 Qa6 31. Bd4 Bc8 32. Rc1 Rxc1+ 33.
Kxc1 Qf1+ 34. Kb2 Ba6 35. a4 Bd3 36. Ka3 Qf3 37. Be3 Qf1 38. Bd4 Qb1 39. Qc3
Kg7 40. Bc5 Bf1 41. Be7 h5 42. Bf6+ Kh7 43. Qc7 Qa1+ 44. Kb4 Qe1+ 45. Kc5 Qc3+
46. Kb6 Qb4+ 47. Ka7 Qf8 48. Be7 Qe8 49. Qd8 Qc6 50. Bf6 Qc5+ 51. Ka8 1-0

[Event "Foxwoods Open"]
[Site "Mashantucket, CT"]
[Date "2014.01.23"]
[Round "3.9"]
[White "Bonin, Jay"]
[Black "Norowitz, Yaacov"]
[Result "1-0"]
[WhiteElo "2303"]
[BlackElo "2442"]
[PlyCount "65"]
[EventDate "2014.01.??"]
[EventType "swiss"]
[EventRounds "9"]
[EventCountry "USA"]
[Source "MonRoi"]

1. d4 Nf6 2. Nf3 e6 3. c4 b6 4. g3 Bb7 5. Bg2 Be7 6. O-O O-O 7. Nc3 Ne4 8. Nxe4
Bxe4 9. Ne1 Bxg2 10. Nxg2 c5 11. d5 Bf6 12. Rb1 exd5 13. Qxd5 Nc6 14. Rd1 Nb4
15. Qxd7 Qxd7 16. Rxd7 Rad8 17. Rxd8 Rxd8 18. Ne3 Nxa2 19. b3 Nc3 20. Rb2 Kf8
21. Rc2 Ke8 22. Kg2 h5 23. Bb2 Nd1 24. Nxd1 Rxd1 25. Bxf6 gxf6 26. Rc3 Kd7 27.
Rd3+ Rxd3 28. exd3 Ke6 29. Kh3 Ke5 30. g4 h4 31. Kxh4 Kf4 32. Kh5 Kf3 33. g5
1-0

[Event "Foxwoods Open"]
[Site "Mashantucket, CT"]
[Date "2014.01.23"]
[Round "3.10"]
[White "Shmelov, Denys"]
[Black "Hasan, Mehdi"]
[Result "1-0"]
[WhiteElo "2417"]
[BlackElo "2285"]
[PlyCount "92"]
[EventDate "2014.01.??"]
[EventType "swiss"]
[EventRounds "9"]
[EventCountry "USA"]
[Source "MonRoi"]

1. d4 d5 2. c4 e6 3. Nc3 Bb4 4. Qc2 Nf6 5. cxd5 exd5 6. Bg5 O-O 7. e3 c5 8. a3
Bxc3+ 9. bxc3 c4 10. Nf3 h6 11. Bh4 g5 12. Bg3 Qa5 13. Nd2 Re8 14. Be2 Nc6 15.
O-O Kg7 16. Rfb1 a6 17. a4 Qd8 18. h3 Re7 19. Re1 Qd7 20. Bf3 Qf5 21. Qb2 Qg6
22. Bd6 Re8 23. Bd1 g4 24. hxg4 Nxg4 25. Bf4 Kh8 26. Nf1 Rg8 27. Ng3 h5 28. f3
h4 29. Nf1 Nf6 30. Qf2 Nh5 31. Ra2 Nxf4 32. exf4 Qf6 33. Ne3 Be6 34. Ng4 Qd8
35. Rae2 Rg7 36. Rxe6 fxe6 37. Rxe6 Kg8 38. f5 Rc8 39. f6 Kf7 40. Rxc6 Rxc6 41.
Ne5+ Kg8 42. fxg7 Rb6 43. Qd2 Kxg7 44. Qf4 Qe7 45. Bc2 Rh6 46. Qg4+ Kf6 1-0

[Event "Foxwoods Open"]
[Site "Mashantucket, CT"]
[Date "2014.01.23"]
[Round "3.11"]
[White "Coleman, Teddy"]
[Black "Yanayt, Eugene"]
[Result "0-1"]
[WhiteElo "2393"]
[BlackElo "2222"]
[PlyCount "122"]
[EventDate "2014.01.??"]
[EventType "swiss"]
[EventRounds "9"]
[EventCountry "USA"]
[Source "MonRoi"]

1. d4 Nf6 2. Nf3 g6 3. Bf4 Bg7 4. Nc3 d5 5. e3 O-O 6. Ne5 c6 7. Be2 Nfd7 8. Nd3
Qe8 9. h4 f6 10. h5 e5 11. hxg6 hxg6 12. Bh6 Bxh6 13. Rxh6 Kg7 14. Rh2 Rh8 15.
Rxh8 Qxh8 16. Kd2 exd4 17. exd4 Qh6+ 18. f4 Nf8 19. Qg1 Be6 20. g4 Nbd7 21. Qg2
Kg8 22. Rh1 Qg7 23. Nd1 Rc8 24. Qf2 Bf7 25. Kc1 Ne6 26. f5 Ng5 27. Qh2 Ne4 28.
fxg6 Bxg6 29. Nf4 Bh7 30. Ne3 Nf8 31. Nf5 Qd7 32. Nh6+ Kh8 33. Bd3 c5 34. dxc5
Rxc5 35. Nh5 Qc7 36. Qe2 Ne6 37. Nf5 Nf4 38. Nxf4 Qxf4+ 39. Kb1 Kg8 40. Ka1
Bxf5 41. gxf5 Qxf5 42. Qh2 Kf7 43. Qh8 Qg4 44. Qh7+ Ke6 45. Qxb7 Qg3 46. Qxa7
Qc7 47. Qxc7 Rxc7 48. b4 f5 49. a4 Rb7 50. Rh6+ Ke5 51. Ka2 Rxb4 52. Ka3 Rb8
53. a5 Nc5 54. Be2 f4 55. Rc6 Ne6 56. Bd3 f3 57. a6 Nf4 58. a7 Ra8 59. Rc7 Nxd3
60. cxd3 f2 61. Rf7 Rxa7+ 0-1